Normal view
MARC view
- LAWRENCE, H. L
Entry Personal Name
001 - CONTROL NUMBER
- control field: 79962
003 - CONTROL NUMBER IDENTIFIER
- control field: NUST
005 - DATE AND TIME OF LATEST TRANSACTION
- control field: 20210628210549.0
008 - FIXED-LENGTH DATA ELEMENTS
- fixed length control field: 210628|| aca||aabn | a|a d
040 ## - CATALOGING SOURCE
- Original cataloging agency: NUST
- Transcribing agency: NUST
100 ## - HEADING--PERSONAL NAME
- Personal name: LAWRENCE, H. L
670 ## - SOURCE DATA FOUND
- Source citation: Work cat.: (NUST): LAWRENCE, H. L, THE CHILDREN OF LIGHT, 1960
